000
00232 a2200097 4500
001
37832
100
_a
Purohit R K
245
_a
Fundamentals of fluid Mechanics
260
_a
India
_b
Scientific Publishers
_c
090
_c
24024
_d
24024
942
_a
NUST-CAE
_c
M
_c
15586
999
_c
272905
_d
272905